000
00241nam a2200097Ia 4500
001
641890
005
20250826153516.0
008
250824s9999 xx 000 0 und d
245
0
_a
OĞLUM NERDESİN
_c
AYTÜL AKAL
260
_b
UÇANBALIK YAYINLARI
999
_c
641890
_d
641890